Sử dụng và sửa chữa khí cụ điện hạ thế
সংরক্ষণ করুন:
| প্রধান লেখক: | |
|---|---|
| বিন্যাস: | গ্রন্থ |
| ভাষা: | Undetermined |
| প্রকাশিত: |
Hà Nội
Công nhân kĩ thuật
1978
|
| ট্যাগগুলো: |
ট্যাগ যুক্ত করুন
কোনো ট্যাগ নেই, প্রথমজন হিসাবে ট্যাগ করুন!
|
| Thư viện lưu trữ: | Trung tâm Học liệu Trường Đại học Cần Thơ |
|---|
| LEADER | 00550nam a2200169Ia 4500 | ||
|---|---|---|---|
| 001 | CTU_17788 | ||
| 008 | 210402s9999 xx 000 0 und d | ||
| 082 | |a 621.3028 | ||
| 082 | |b Đ116 | ||
| 100 | |a Tô Đằng | ||
| 245 | 0 | |a Sử dụng và sửa chữa khí cụ điện hạ thế | |
| 245 | 0 | |c Tô Đằng, Nguyễn Xuân Phú | |
| 260 | |a Hà Nội | ||
| 260 | |b Công nhân kĩ thuật | ||
| 260 | |c 1978 | ||
| 904 | |i Nguyễn Quang Điền, 960601 | ||
| 980 | |a Trung tâm Học liệu Trường Đại học Cần Thơ | ||